| 000 | 00650nam a2200241Ia 4500 | ||
|---|---|---|---|
| 003 | OSt | ||
| 005 | 20220926005418.0 | ||
| 006 | a|||||r|||| 00| 0 | ||
| 007 | ta | ||
| 008 | 220923b |||||||| |||| 00| 0 eng d | ||
| 037 | _cGeneral Book | ||
| 040 |
_aRTL _cRTL _beng |
||
| 041 |
_2eng _aeng |
||
| 082 | _aY12:414.2.N8, M5 | ||
| 100 |
_aKhan M Z _9105667 |
||
| 245 | 0 | _aDrug use amongst the college youth | |
| 260 |
_a New Delhi _bSomaiya _c1985 |
||
| 300 |
_axiv, 216p _ccm. |
||
| 500 | _aBibliography: P 201-11 | ||
| 650 | _aYouth | ||
| 942 |
_hY12:414.2.N8, M5 _cGB _2CC |
||
| 999 |
_c613742 _d613742 |
||